000 00771nab a2200241 u 4500
001 19692
003 HDC
007 cr bn ---aaaaa
008 210302c |r|noo 0 a d
040 _aHDC
245 0 _aHALAL FOOD PARTNER
260 _a[No place] :
_b[publisher not identified],
_c2016
336 _atext
_2rdacontent
337 _acomputer
_2rdamedia
338 _aonline resource
_2rdacarrier
650 _aHalal food business
_94959
650 _aHalal food
_950
710 _aHKTDC - HONG KONG MEANS BUSINESS
856 _zRequest full-text at [email protected]
942 _2lcc
942 _cNEWS
942 _kNWSO 009823
999 _c17008
_d17008